000 00188nam a22000857a 4500
999 _c12939
_d12939
082 _a297.63
100 _aMuhammad Latif
245 _aIslami Tasawuf Me Masaelal Sulook Ka Maqaam
942 _cBK